000 00376nam a2200145Ia 4500
008 191201s2005 xx 000 0 und d
082 _a621.38043
_bHSS
100 _aH S U, Hwei P
245 0 _aSchaum's Outlines Signals and Systems
250 _a4th
260 _aN.Delhi
_bTata Mc Graw Hill Pubg. Co. Ltd
_c2005
300 _a466
650 _aB.Tech(ECE)
942 _2ddc
_cBK
999 _c1305
_d1305